00406nam a2200145Ia 4500003000500000008004100005020001800046040001900064082000700083100004200090245006300132260004500195300000800240546001200248STCL181203s9999 xx 000 0 und d a9788185015965 aSTCLbENcSTCL 222 aHopcroft, John E.; Ullman, Jeffery D. 0aIntroduction to Automata Theory, Languages and Computation bNarosa Publishing HouseaNew Delhic2002 a418 aEnglish